[Event "Bogota Centro Comercial op 2nd"]
[Site "Bogota"]
[Date "2024.04.14"]
[Round "6"]
[White "Cotrino Torres, Lineth Sofia"]
[Black "Castillo, Samir"]
[Result "0-1"]
[WhiteElo "1544"]
[BlackElo "1818"]
[PlyCount "39"]
[EventDate "2024.04.14"]
[EventType "swiss"]
[EventRounds "7"]
[EventCountry "COL"]
[SourceTitle "CB16_2024"]
[SourceDate "2024.04.17"]
[SourceVersion "1"]
[SourceVersionDate "2024.04.17"]
[SourceQuality "1"]

1. d4 Nf6 2. Bf4 c5 3. e3 Qb6 4. b3 Nc6 5. Nf3 g6 6. h3 Bg7 7. c3 0-0 8. Bd3 cxd4 9. cxd4 d6 10. Nbd2 Be6 11. Rc1 Rac8 12. 0-0 Nd5 13. Bg3 Ndb4 14. Bb1 a5 15. a3 Na6 16. Ng5 Bd7 17. Nc4 Qb5 18. Nf3 Qb6 19. Nce5 Nxe5 20. Nxe5 0-1

[Event "Bogota Centro Comercial op 2nd"]
[Site "Bogota"]
[Date "2024.04.14"]
[Round "5"]
[White "Roldan, Rolando"]
[Black "Cotrino Torres, Lineth Sofia"]
[Result "0-1"]
[WhiteElo "1768"]
[BlackElo "1544"]
[PlyCount "82"]
[EventDate "2024.04.14"]
[EventType "swiss"]
[EventRounds "7"]
[EventCountry "COL"]
[SourceTitle "CB16_2024"]
[SourceDate "2024.04.17"]
[SourceVersion "1"]
[SourceVersionDate "2024.04.17"]
[SourceQuality "1"]

1. e4 e5 2. f4 d6 3. Nf3 Nc6 4. Bc4 Nf6 5. Ng5 d5 6. exd5 Nxd5 7. Nc3 Be6 8. Nxe6 fxe6 9. fxe5 Nxe5 10. Qh5+ Nf7 11. Nxd5 exd5 12. Qxd5 Qe7+ 13. Kd1 c6 14. Qh5 g6 15. Bxf7+ Qxf7 16. Qe5+ Kd7 17. Qxh8 Re8 18. Qd4+ Bd6 19. d3 Qe6 20. Qf2 Rf8 21. Qe2 Qd5 22. Rf1 Re8 23. Qg4+ Kc7 24. a4 Re7 25. Bf4 Rf7 26. Bxd6+ Kxd6 27. Rxf7 Qxf7 28. Qd4+ Kc7 29. Kd2 b6 30. Re1 Qf8 31. Qe3 Qb4+ 32. Kc1 Kb7 33. Qe4 Qc5 34. Qe7+ Ka6 35. Re5 Qg1+ 36. Kd2 Qf2+ 37. Kc3 Qxg2 38. Qxh7 Qg4 39. Qh6 Qxa4 40. Qe3 c5 41. Re6 Qb4# 0-1

[Event "Fomeque op"]
[Site "Fomeque"]
[Date "2023.08.21"]
[Round "5"]
[White "Cotrino Torres, Lineth Sofia"]
[Black "Rodriguez Velasco, Frankeli"]
[Result "1-0"]
[WhiteElo "1278"]
[BlackElo "1346"]
[PlyCount "53"]
[EventDate "2023.08.19"]
[EventType "swiss"]
[EventRounds "6"]
[EventCountry "COL"]
[SourceTitle "EXT 2024"]
[Source "ChessBase"]
[SourceDate "2023.10.10"]
[SourceVersion "1"]
[SourceVersionDate "2023.10.10"]
[SourceQuality "1"]

1. e4 c6 2. Nc3 d5 3. exd5 cxd5 4. d4 g6 5. Nf3 Bg7 6. Bf4 Nf6 7. Bd3 0-0 8. 0-0 Nc6 9. h3 Qb6 10. Na4 Qb4 11. c3 Qa5 12. b4 Qd8 13. Ne5 Nh5 14. Nxc6 bxc6 15. Bh2 Re8 16. Re1 e5 17. dxe5 Qg5 18. Qc1 Qe7 19. g4 Qh4 20. gxh5 Bxh3 21. Qf4 Qxh5 22. Qg3 Re6 23. Nc5 Re7 24. Re3 Rae8 25. Qxh3 Qg5+ 26. Qg3 Qh5 27. Rae1 1-0